| 000 | 00322nam a2200109 4500 | ||
|---|---|---|---|
| 008 | 180217b xxu||||| |||| 00| 0 eng d | ||
| 245 | _aDrugmakers in Davos shift focus to chronic diseases of poor. | ||
| 260 |
_aPhilippines _bThe Philippine Star _cc2017 |
||
| 300 | _apage 15. | ||
| 650 | 0 |
_926596 _aDiseases. |
|
| 942 |
_2ddc _cPER |
||
| 999 |
_c8709 _d8709 |
||